[Event "ch-USA 2023"]
[Site "Saint Louis USA"]
[Date "2023.10.08"]
[Round "4.4"]
[White "Caruana, Fabiano"]
[Black "Swiercz, Dariusz"]
[Result "1-0"]
[WhiteTitle "GM"]
[BlackTitle "GM"]
[WhiteElo "2786"]
[BlackElo "2620"]
[WhiteFideId "2020009"]
[BlackFideId "1126881"]
[EventDate "2023.10.05"]

1. e4 e5 2. Nf3 Nc6 3. Bc4 Nf6 4. d3 Bc5 5. O-O d6 6. c3 a6 7. a4 h6 8. Nbd2 O-O
9. h3 a5 10. Re1 Be6 11. b3 Re8 12. Bb5 Bd7 13. Nf1 Nb8 14. Bxd7 Nbxd7 15. Ne3
Bxe3 16. Bxe3 d5 17. exd5 Nxd5 18. Bd2 c5 19. Qc2 Qc7 20. Re2 Re6 21. Rae1 Rae8
22. Qb1 N7f6 23. Nh4 b6 24. Nf5 Qd7 25. Nh4 Nh5 26. g3 Nhf6 27. Nf3 R6e7 28.
Rxe5 Rxe5 29. Rxe5 Rxe5 30. Nxe5 Qxh3 31. Qd1 Qf5 32. Qe2 Qe6 33. Qe1 Qf5 34.
Kg2 h5 35. c4 Nc7 36. Qe2 Ne6 37. Nf3 Kf8 38. Bc3 g5 39. Nd2 h4 40. Ne4 Nxe4 41.
dxe4 Qh7 42. Qg4 hxg3 43. fxg3 Ke7 44. Qf3 Qg6 45. Qd3 Qh5 46. Be5 Ke8 47. Kg1
Qg4 48. Bf6 Kf8 49. Kf2 Kg8 50. Qd5 Qh5 51. Qa8+ Kh7 52. Qh8+ Kg6 53. Qxh5+ Kxh5
54. Be5 Kg4 55. Bb8 f5 56. exf5 Kxf5 57. Ba7 Nd4 58. Bxb6 Nxb3 59. Ke3 g4 60.
Bc7 Ke6 61. Ke4 Nd2+ 62. Kd3 Nb3 63. Bf4 Kf5 64. Be3 Ke5 65. Bh6 Kf5 66. Bg7
Nc1+ 67. Kd2 Nb3+ 68. Ke3 Kg6 69. Bb2 Kf5 70. Bc3 Kg5 71. Ke4 Kg6 72. Kf4 Kh5
73. Kf5 Nc1 74. Bxa5 Ne2 75. Bc7 Nd4+ 76. Ke4 Nc6 77. Bd6 Na5 78. Kd5 Kg6 79.
Bxc5 Kf5 80. Bb6 1-0

[Event "ch-USA 2023"]
[Site "Saint Louis USA"]
[Date "2023.10.08"]
[Round "4.5"]
[White "Sevian, Samuel"]
[Black "Dominguez Perez, Leinier"]
[Result "1/2-1/2"]
[WhiteTitle "GM"]
[BlackTitle "GM"]
[WhiteElo "2698"]
[BlackElo "2745"]
[WhiteFideId "2040506"]
[BlackFideId "3503240"]
[EventDate "2023.10.05"]

1. e4 e5 2. Nf3 Nc6 3. Bc4 Bc5 4. O-O Nf6 5. d3 d6 6. c3 a5 7. Re1 O-O 8. Bg5 h6
9. Bh4 g5 10. Bg3 Ba7 11. Na3 g4 12. Bh4 Kg7 13. Nb5 Bb6 14. d4 gxf3 15. Qxf3
Qe7 16. Qg3+ Kh7 17. Qf3 Kg6 18. Qg3+ Kh7 19. Qf3 Kg6 20. Qg3+ Kh7 1/2-1/2

[Event "ch-USA 2023"]
[Site "Saint Louis USA"]
[Date "2023.10.08"]
[Round "4.6"]
[White "Mishra, Abhimanyu"]
[Black "Niemann, Hans Moke"]
[Result "0-1"]
[WhiteTitle "GM"]
[BlackTitle "GM"]
[WhiteElo "2592"]
[BlackElo "2667"]
[WhiteFideId "30920019"]
[BlackFideId "2093596"]
[EventDate "2023.10.05"]

1. e4 c5 2. Nf3 Nc6 3. Bb5 g6 4. O-O Bg7 5. c3 Nf6 6. Re1 O-O 7. d4 d5 8. e5 Ne4
9. Bxc6 bxc6 10. Be3 Qb6 11. Qc1 c4 12. Nbd2 Nxd2 13. Nxd2 Bf5 14. b3 Bd3 15. h4
h5 16. Bg5 Rfe8 17. bxc4 dxc4 18. Ne4 Bxe4 19. Rxe4 Rab8 20. Re2 Qa5 21. Qe3 Qd5
22. Rae1 Qe6 23. Qe4 Rb5 24. f3 Qd5 25. Qf4 c5 26. dxc5 Qxc5+ 27. Qe3 Rc8 28.
Qxc5 Rcxc5 29. e6 fxe6 30. Re4 Bxc3 31. Rc1 Be5 32. Rexc4 Rxc4 33. Rxc4 Bg3 34.
Kf1 Rb1+ 35. Bc1 Ra1 36. a4 Bxh4 37. Ke2 Ra2+ 38. Bd2 Bg5 39. f4 Bh6 40. Kd3 e5
41. g3 exf4 42. gxf4 e5 43. Rc8+ Kf7 44. Rc7+ Ke6 45. Rxa7 exf4 46. Ra6+ Kf5 47.
Ra5+ Kg4 48. Ra6 h4 49. Rxg6+ Bg5 50. Bb4 f3 51. Bc5 h3 52. Be7 f2 53. Rxg5+ Kf4 0-1

[Event "ch-USA 2023"]
[Site "Saint Louis USA"]
[Date "2023.10.10"]
[Round "5.1"]
[White "Niemann, Hans Moke"]
[Black "Aronian, Levon"]
[Result "1-0"]
[WhiteTitle "GM"]
[BlackTitle "GM"]
[WhiteElo "2667"]
[BlackElo "2742"]
[WhiteFideId "2093596"]
[BlackFideId "13300474"]
[EventDate "2023.10.05"]

1. e4 c5 2. Nf3 e6 3. c3 d5 4. e5 d4 5. d3 Ne7 6. g3 dxc3 7. bxc3 Bd7 8. Bg2 Bb5
9. c4 Bc6 10. O-O Nf5 11. Bb2 Be7 12. Qe2 h5 13. Nbd2 h4 14. Ne4 hxg3 15. fxg3
Bxe4 16. Qxe4 Nc6 17. g4 Nfd4 18. Bxd4 cxd4 19. Rab1 Qc7 20. g5 g6 21. h4 Bb4
22. Nh2 O-O-O 23. Rb3 Bd2 24. Rfb1 Be3+ 25. Kf1 b6 26. Qxc6 Qxc6 27. Bxc6 Rxh4
28. Nf3 Rg4 29. Re1 Rh8 30. Rxe3 dxe3 31. Ke2 Rh3 32. Be4 Rg2+ 33. Kxe3 Rxg5 34.
Kf2 Rg4 35. Ra3 Kb8 36. Ra6 g5 37. Nd4 Rf4+ 38. Ke2 Rh2+ 39. Ke3 Rh3+ 40. Kd2
Rh2+ 41. Kc3 Rxe4 42. dxe4 g4 43. Kd3 Rf2 44. Ke3 Rf1 45. Ke2 Rf4 46. Ra3 Rxe4+
47. Kd3 Re1 48. Ne2 Kb7 49. Kd2 Ra1 50. Nc1 Rb1 51. Rg3 Rb2+ 52. Kc3 Rf2 53.
Rxg4 a5 54. a4 Rf1 55. Nd3 Ra1 56. Rf4 Ra3+ 57. Kd4 Rxa4 58. Rxf7+ Kc8 59. Nf4
b5 60. Nxe6 Rxc4+ 61. Kd5 a4 62. Ra7 Rc1 63. Nd4 1-0

[Event "ch-USA 2023"]
[Site "Saint Louis USA"]
[Date "2023.10.10"]
[Round "5.2"]
[White "Swiercz, Dariusz"]
[Black "Sevian, Samuel"]
[Result "1/2-1/2"]
[WhiteTitle "GM"]
[BlackTitle "GM"]
[WhiteElo "2620"]
[BlackElo "2698"]
[WhiteFideId "1126881"]
[BlackFideId "2040506"]
[EventDate "2023.10.05"]

1. c4 e5 2. g3 Be7 3. Nc3 d6 4. d4 f5 5. Bh3 Na6 6. dxe5 dxe5 7. Qxd8+ Bxd8 8.
Nf3 Bf6 9. e4 Ne7 10. O-O O-O 11. b3 Rd8 12. Ba3 Nc6 13. Rad1 Nd4 14. Nxd4 exd4
15. Nd5 fxe4 16. Bxc8 Raxc8 17. Rfe1 c5 18. Rxe4 Re8 19. Rde1 Rxe4 20. Rxe4 Kf7
21. Kf1 Rc6 22. Ke2 Nb8 23. Bc1 Ra6 24. a4 Nc6 25. Bd2 Bd8 26. Kd3 Ba5 27. Bxa5
Nxa5 28. Rf4+ Kg6 29. Ne7+ Kh6 30. Ng8+ Kg6 31. Ne7+ Kh6 32. Ng8+ Kg6 33. Ne7+
Kh6 1/2-1/2

[Event "ch-USA 2023"]
[Site "Saint Louis USA"]
[Date "2023.10.10"]
[Round "5.3"]
[White "Robson, Ray"]
[Black "Xiong, Jeffery"]
[Result "1-0"]
[WhiteTitle "GM"]
[BlackTitle "GM"]
[WhiteElo "2699"]
[BlackElo "2693"]
[WhiteFideId "2023970"]
[BlackFideId "2047640"]
[EventDate "2023.10.05"]

1. e4 e5 2. Nf3 Nf6 3. d4 Nxe4 4. Bd3 d5 5. Nxe5 Nd7 6. O-O Nxe5 7. dxe5 Nc5 8.
Be3 Be7 9. f4 Nxd3 10. Qxd3 g6 11. Nc3 c6 12. Ne2 O-O 13. Ng3 Bh4 14. Bc5 Re8
15. f5 Rxe5 16. fxg6 hxg6 17. Bd4 Re8 18. Rxf7 Kxf7 19. Rf1+ Ke7 20. Qxg6 Be6
21. Qg7+ Kd6 22. Be5+ Kc5 23. Bd4+ Kd6 24. Be5+ Kc5 25. Bc7 Bf6 26. Rxf6 Rg8 27.
Ne4+ Kb5 28. a4+ Kb4 29. Qh6 1-0

[Event "ch-USA 2023"]
[Site "Saint Louis USA"]
[Date "2023.10.10"]
[Round "5.4"]
[White "Dominguez Perez, Leinier"]
[Black "Shankland, Sam"]
[Result "1-0"]
[WhiteTitle "GM"]
[BlackTitle "GM"]
[WhiteElo "2745"]
[BlackElo "2698"]
[WhiteFideId "3503240"]
[BlackFideId "2004887"]
[EventDate "2023.10.05"]

1. e4 c5 2. Nf3 e6 3. d4 cxd4 4. Nxd4 Nc6 5. Nc3 Qc7 6. Be2 Nf6 7. Ndb5 Qb8 8.
f4 d6 9. Be3 Be7 10. g4 a6 11. Nd4 e5 12. Nf5 Bxf5 13. gxf5 b5 14. Qd2 b4 15.
Na4 O-O 16. O-O-O Qb7 17. Rhg1 Rfd8 18. Bc4 exf4 19. Bxf4 Ne5 20. Qg2 Bf8 21.
Bg5 Nxc4 22. Bxf6 g6 23. fxg6 hxg6 24. Bxd8 Rxd8 25. Qg5 Re8 26. Qd5 Qxd5 27.
exd5 Bh6+ 28. Kb1 Re2 29. h3 a5 30. Rde1 Rf2 31. Re8+ Kg7 32. Rc8 Nd2+ 33. Ka1
Rh2 34. c4 Rxh3 35. c5 dxc5 36. Nxc5 Be3 37. Re1 Bxc5 38. Rxc5 Rd3 39. b3 g5 40.
Kb2 Nf3 41. Re4 Kg6 42. Rxa5 f5 43. Rxb4 g4 44. Rb8 Kg5 45. Rc5 Ne5 46. Kc2 Rd4
47. d6 Nd7 48. Rg8+ Kf6 49. Rc6 Kf7 50. Rg5 Kf6 51. Rg8 Kf7 52. Rcc8 Rxd6 53. a4
Ra6 54. Kb2 Ra5 55. Rg5 Kf6 56. Rcg8 Ne5 57. Rh5 f4 58. Rxg4 Nd3+ 59. Kc3 Rxh5
60. Kxd3 Rh3+ 61. Kc4 f3 62. Rg1 Ke7 63. a5 Rh4+ 64. Kb5 Rh5+ 65. Kb6 Rh4 66. a6
Rb4+ 67. Ka5 Rxb3 68. Ra1 f2 69. a7 f1=Q 70. Rxf1 Ra3+ 71. Kb6 Rb3+ 72. Kc5 Ra3
73. Rh1 1-0

[Event "ch-USA 2023"]
[Site "Saint Louis USA"]
[Date "2023.10.10"]
[Round "5.5"]
[White "Tang, Andrew"]
[Black "Caruana, Fabiano"]
[Result "0-1"]
[WhiteTitle "GM"]
[BlackTitle "GM"]
[WhiteElo "2496"]
[BlackElo "2786"]
[WhiteFideId "2059630"]
[BlackFideId "2020009"]
[EventDate "2023.10.05"]

1. d4 Nf6 2. Bf4 g6 3. Nc3 d5 4. e3 Nh5 5. Be5 f6 6. Bg3 c6 7. Bd3 Nd7 8. Bh4 e5
9. Be2 Ng7 10. e4 Qb6 11. exd5 Nf5 12. dxc6 bxc6 13. Nf3 Qxb2 14. Ne4 Nxh4 15.
Nxh4 f5 16. Rb1 Qxd4 17. Qxd4 exd4 18. Nd2 Nb6 19. Nhf3 Be6 20. Nxd4 Bxa2 21.
Rc1 Bh6 22. c4 O-O-O 23. N4f3 Rhe8 24. Rc2 Na4 25. h4 Bg7 26. O-O Nc3 27. Bd1 a5 0-1

[Event "ch-USA 2023"]
[Site "Saint Louis USA"]
[Date "2023.10.10"]
[Round "5.6"]
[White "So, Wesley"]
[Black "Mishra, Abhimanyu"]
[Result "1-0"]
[WhiteTitle "GM"]
[BlackTitle "GM"]
[WhiteElo "2753"]
[BlackElo "2592"]
[WhiteFideId "5202213"]
[BlackFideId "30920019"]
[EventDate "2023.10.05"]

1. e4 c5 2. Nf3 d6 3. d4 cxd4 4. Nxd4 Nf6 5. Nc3 a6 6. Bc4 e6 7. Be3 b5 8. Bb3
Be7 9. a3 O-O 10. Qe2 Bb7 11. f3 Nc6 12. O-O-O Na5 13. g4 Rc8 14. Kb1 Nd7 15. h4
Rxc3 16. bxc3 Nb6 17. h5 Nac4 18. Bxc4 Nxc4 19. Bc1 d5 20. exd5 exd5 21. Ka2 Bd6
22. Nb3 Re8 23. Qf2 h6 24. Rhg1 Be5 25. Rd3 Bf6 26. f4 Nd6 27. g5 hxg5 28. fxg5
Be5 29. Nc5 Qe7 30. g6 f6 31. Nxb7 Qxb7 32. Bb2 Ne4 33. Qh4 a5 34. h6 f5 35.
hxg7 Bxg7 36. Qh7+ Kf8 37. Rf1 Nd6 38. c4 bxc4 39. Bxg7+ Qxg7 40. Rxd5 Re6 41.
Rdxf5+ Nxf5 42. Rxf5+ Rf6 43. Qh4 Ke7 44. Qe4+ Kf8 45. Qd4 Ke7 46. Re5+ 1-0

[Event "ch-USA 2023"]
[Site "Saint Louis USA"]
[Date "2023.10.11"]
[Round "6.1"]
[White "Xiong, Jeffery"]
[Black "Niemann, Hans Moke"]
[Result "1/2-1/2"]
[WhiteTitle "GM"]
[BlackTitle "GM"]
[WhiteElo "2693"]
[BlackElo "2667"]
[WhiteFideId "2047640"]
[BlackFideId "2093596"]
[EventDate "2023.10.05"]

1. e4 e5 2. Nf3 Nc6 3. Nc3 Nf6 4. d4 exd4 5. Nxd4 Bb4 6. Nxc6 bxc6 7. Bd3 O-O 8.
O-O d5 9. exd5 Bg4 10. f3 Bh5 11. dxc6 Qd4+ 12. Kh1 Bxc3 13. bxc3 Qxc3 14. Rb1
Bg6 15. Rb3 Qxc6 16. Bb2 Rad8 17. Qa1 Bxd3 18. cxd3 Rfe8 19. Rc1 Qa6 20. Ra3 Qb6
21. Rb3 Qf2 22. Bxf6 gxf6 23. Rb2 Qh4 24. Qb1 Re3 25. Rb4 Qf2 26. Rb2 Qh4 27.
Rb4 Qf2 28. Rb2 Re2 29. Rxe2 Qxe2 30. h3 Qxd3 31. Qxd3 Rxd3 32. Rxc7 Ra3 33. Rc2
Kg7 34. Kh2 f5 35. Kg3 Ra4 36. f4 Kg6 37. Rc6+ Kg7 38. Rc2 Kg6 39. Rc6+ Kg7 40.
Rc2 1/2-1/2

[Event "ch-USA 2023"]
[Site "Saint Louis USA"]
[Date "2023.10.11"]
[Round "6.2"]
[White "Mishra, Abhimanyu"]
[Black "Dominguez Perez, Leinier"]
[Result "1/2-1/2"]
[WhiteTitle "GM"]
[BlackTitle "GM"]
[WhiteElo "2592"]
[BlackElo "2745"]
[WhiteFideId "30920019"]
[BlackFideId "3503240"]
[EventDate "2023.10.05"]

1. e4 e5 2. Nf3 Nc6 3. Bc4 Bc5 4. c3 Nf6 5. d3 d6 6. O-O Bb6 7. Re1 O-O 8. a4 a5
9. h3 h6 10. Nbd2 Ne7 11. Bb3 c6 12. Bc2 Ng6 13. d4 Re8 14. Nf1 d5 15. Nxe5 Nxe5
16. dxe5 Nxe4 17. Bxe4 dxe4 18. Qh5 Qd5 19. Bf4 e3 20. Nxe3 Qe4 21. Bg3 Be6 22.
Nf1 Qc2 23. Qd1 Qg6 24. Qe2 Rad8 25. Red1 Bb3 26. Rxd8 Rxd8 27. Bf4 Qf5 28. Qg4
Qc2 29. Ne3 Qxb2 30. Rf1 Bxe3 31. Bxe3 Qxc3 32. Bxh6 Qxe5 33. Be3 Be6 34. Qh4
Rd3 35. Bb6 f6 36. f3 Ra3 37. Re1 Ra1 38. Rxa1 Qxa1+ 39. Kh2 Qe5+ 40. Qg3 Qxg3+
41. Kxg3 Bb3 42. Bxa5 Bxa4 43. Kf4 Kf7 44. Ke4 Ke6 45. Bb6 Bb5 46. h4 f5+ 47.
Kf4 Bf1 48. g4 fxg4 49. fxg4 g6 50. Ke4 Be2 51. Kd4 Kd6 52. h5 gxh5 53. gxh5
Bxh5 54. Kc4 Be2+ 55. Kb4 Bf1 56. Bc5+ Kd5 57. Bb6 Be2 58. Bc5 Bf1 59. Bb6 Be2
60. Bc5 Bf1 61. Bb6 Be2 62. Bc5 1/2-1/2

[Event "ch-USA 2023"]
[Site "Saint Louis USA"]
[Date "2023.10.11"]
[Round "6.3"]
[White "Tang, Andrew"]
[Black "Robson, Ray"]
[Result "1/2-1/2"]
[WhiteTitle "GM"]
[BlackTitle "GM"]
[WhiteElo "2496"]
[BlackElo "2699"]
[WhiteFideId "2059630"]
[BlackFideId "2023970"]
[EventDate "2023.10.05"]

1. d4 Nf6 2. Nf3 e6 3. Bf4 b6 4. e3 Be7 5. h3 O-O 6. Nbd2 c5 7. c3 cxd4 8. exd4
Ba6 9. Bxa6 Nxa6 10. Ne5 Nc7 11. O-O Ncd5 12. Bg3 b5 13. a4 a6 14. Qb3 Qb6 15.
Ra2 d6 16. Nd3 Qc6 17. Rfa1 Nc7 18. Nb4 Qb7 19. Bh4 h6 20. axb5 axb5 21. Bxf6
Bxf6 22. Qd1 Rxa2 23. Rxa2 Ra8 24. Qa1 Rxa2 25. Qxa2 Be7 26. Nf3 g6 27. b3 Kg7
28. Qc2 Bf6 29. Nd2 Ne8 30. Qa2 Nc7 31. Qc2 Bd8 32. Qe4 Qxe4 33. Nxe4 Ne8 34.
Nc6 Bb6 35. c4 bxc4 36. bxc4 f5 37. Nc3 Kf6 38. Kf1 Bc7 39. Ke2 e5 40. f4 exf4
41. Nd5+ Kf7 42. Nxf4 Nf6 43. h4 g5 44. hxg5 hxg5 45. Nh3 Ne4 46. Nf2 d5 47.
cxd5 Nc3+ 48. Kf3 g4+ 49. Nxg4 fxg4+ 50. Kxg4 Nxd5 51. Ne5+ Ke6 52. Kf3 Bxe5 53.
dxe5 Kxe5 54. Ke2 Kf4 55. g3+ Kxg3 1/2-1/2

[Event "ch-USA 2023"]
[Site "Saint Louis USA"]
[Date "2023.10.11"]
[Round "6.4"]
[White "Aronian, Levon"]
[Black "So, Wesley"]
[Result "1/2-1/2"]
[WhiteTitle "GM"]
[BlackTitle "GM"]
[WhiteElo "2742"]
[BlackElo "2753"]
[WhiteFideId "13300474"]
[BlackFideId "5202213"]
[EventDate "2023.10.05"]

1. e4 e5 2. Nf3 Nc6 3. Bc4 Bc5 4. O-O Nf6 5. d3 O-O 6. h3 d6 7. c3 a5 8. Re1 Ba7
9. Nbd2 Be6 10. Bxe6 fxe6 11. Nf1 d5 12. Be3 Bxe3 13. Nxe3 d4 14. Nc4 Nd7 15.
Rc1 a4 16. Na3 Nb6 17. Nc2 Qd6 18. cxd4 exd4 19. e5 Qd5 20. a3 Nd7 21. Nb4 Nxb4
22. axb4 c5 23. bxc5 Nxc5 24. Ng5 Rae8 25. Ne4 Nxe4 26. Rxe4 b5 27. Rc7 Rc8 28.
Re7 Rce8 29. Rc7 Rc8 30. Re7 Rce8 31. Rc7 Rc8 1/2-1/2

[Event "ch-USA 2023"]
[Site "Saint Louis USA"]
[Date "2023.10.11"]
[Round "6.5"]
[White "Shankland, Sam"]
[Black "Swiercz, Dariusz"]
[Result "1/2-1/2"]
[WhiteTitle "GM"]
[BlackTitle "GM"]
[WhiteElo "2698"]
[BlackElo "2620"]
[WhiteFideId "2004887"]
[BlackFideId "1126881"]
[EventDate "2023.10.05"]

1. e4 e5 2. Nf3 Nc6 3. Bb5 a6 4. Ba4 Nf6 5. O-O Be7 6. Re1 b5 7. Bb3 O-O 8. a4
b4 9. d4 d6 10. dxe5 dxe5 11. Bg5 Qxd1 12. Rxd1 Nxe4 13. Bxe7 Nxe7 14. Nxe5 Nc5
15. Nd2 Bf5 16. Ndf3 Nxb3 17. cxb3 Rfd8 18. Rdc1 f6 19. Nc4 Rac8 20. Re1 Nc6 21.
Rac1 Bg4 22. Ncd2 Na5 23. Re3 c5 24. h3 Bh5 25. Nc4 Nxc4 26. Rxc4 Bxf3 27. Rxf3
Rd1+ 28. Kh2 Rd2 29. Rf5 Rxb2 30. Rfxc5 Rxc5 31. Rxc5 Rxf2 32. Ra5 Rb2 33. Rxa6
Rxb3 34. Rb6 Kf7 35. a5 g5 36. g4 Kg6 37. a6 Ra3 38. Rxb4 Rxa6 39. Rb2 h5 40.
Rf2 Ra4 41. Kg3 Kf7 42. Re2 Rb4 43. Ra2 Kg6 44. Rf2 Rb6 45. Kg2 Rd6 46. Kg3 Rd3+
47. Kg2 Rd4 48. Kg3 Kf7 49. Re2 Rc4 50. Ra2 Re4 51. Rb2 h4+ 52. Kg2 Ke6 53. Rf2
Rf4 54. Ra2 Rd4 55. Rf2 Rd3 56. Kh2 Rd6 57. Kg2 Ke5 58. Rf5+ Ke4 59. Rf2 Rc6 60.
Re2+ Kd4 61. Rf2 Ke3 62. Rf3+ Ke4 63. Rf2 Kd3 64. Rf3+ Kd4 65. Rf2 Ke4 66. Re2+
Kd3 67. Kf2 Ra6 68. Re3+ Kd4 69. Rf3 Rc6 70. Kg2 Rc2+ 71. Kf1 Rc3 72. Rxf6 Rxh3
73. Rf5 Ke4 74. Rxg5 Kf3 75. Kg1 Rg3+ 76. Kh2 Rxg4 77. Rxg4 Kxg4 78. Kg2 h3+ 79.
Kh2 Kh4 80. Kh1 Kg3 81. Kg1 h2+ 82. Kh1 Kh3 1/2-1/2

[Event "ch-USA 2023"]
[Site "Saint Louis USA"]
[Date "2023.10.11"]
[Round "6.6"]
[White "Caruana, Fabiano"]
[Black "Sevian, Samuel"]
[Result "1/2-1/2"]
[WhiteTitle "GM"]
[BlackTitle "GM"]
[WhiteElo "2786"]
[BlackElo "2698"]
[WhiteFideId "2020009"]
[BlackFideId "2040506"]
[EventDate "2023.10.05"]

1. c4 e5 2. g3 Nf6 3. Bg2 d5 4. cxd5 Nxd5 5. Nc3 Nb6 6. Nf3 Nc6 7. O-O Be7 8. b3
O-O 9. Bb2 Bg4 10. Rc1 Qd7 11. Ne4 Bh3 12. Nc5 Bxc5 13. Bxh3 Qxh3 14. Rxc5 f6
15. b4 Qe6 16. b5 Nd8 17. Qc2 c6 18. Ba3 Rf7 19. Rb1 Rd7 20. d3 Qf7 21. bxc6
Nxc6 22. Bc1 Nd5 23. Bd2 Nde7 24. a4 Rad8 25. Rc4 Nf5 26. Be3 Nd6 27. Rc3 Nf5
28. Bc5 h5 29. e4 Nfe7 30. Be3 Ng6 31. h4 Nf8 32. Rb5 Ne6 33. Qb3 Kh8 34. Rd5
Nf8 35. Rcc5 Ne6 36. Rc3 Nf8 37. Rcc5 Ne6 38. Rc3 1/2-1/2

[Event "ch-USA 2023"]
[Site "Saint Louis USA"]
[Date "2023.10.12"]
[Round "7.1"]
[White "Robson, Ray"]
[Black "Caruana, Fabiano"]
[Result "1/2-1/2"]
[WhiteTitle "GM"]
[BlackTitle "GM"]
[WhiteElo "2699"]
[BlackElo "2786"]
[WhiteFideId "2023970"]
[BlackFideId "2020009"]
[EventDate "2023.10.05"]

1. e4 c5 2. Nf3 d6 3. Bb5+ Nd7 4. a4 a6 5. Be2 Ngf6 6. Nc3 g6 7. a5 Bg7 8. O-O
O-O 9. d3 b5 10. axb6 Nxb6 11. e5 Nfd5 12. Nxd5 Nxd5 13. exd6 exd6 14. d4 Bb7
15. c3 Qc7 16. Re1 Rfe8 17. Bf1 Rxe1 18. Qxe1 a5 19. Qd1 Bc6 20. Bc4 Qb7 21. Qb3
Qxb3 22. Bxb3 a4 23. Bc2 c4 24. Kf1 Bf8 25. Nd2 Nb6 26. Ne4 Nd7 27. Bf4 d5 28.
Nd2 f6 29. g4 Kf7 30. Ke2 Nb6 31. Nf1 a3 32. bxa3 Rxa3 33. Rxa3 Bxa3 34. Ne3 Ke6
35. Bc7 Nc8 36. Bg3 Nb6 37. Bc7 Nc8 38. Bg3 Na7 39. Kd2 Nc8 40. f4 Kf7 41. f5
Bf8 42. h4 Nd6 43. fxg6+ hxg6 44. h5 Ne4+ 45. Bxe4 dxe4 46. hxg6+ Kxg6 47. Bf4
Bb5 48. Nf5 Bd7 49. Bd6 Bh6+ 50. Nxh6 Kxh6 51. Ke3 Bc6 52. Kf4 Kg6 53. Bc7 Kf7
54. Bd8 Ke6 55. Ke3 Kf7 56. Kf4 Ke6 57. Ke3 Kf7 58. Kf4 1/2-1/2

[Event "ch-USA 2023"]
[Site "Saint Louis USA"]
[Date "2023.10.12"]
[Round "7.2"]
[White "Niemann, Hans Moke"]
[Black "Tang, Andrew"]
[Result "1/2-1/2"]
[WhiteTitle "GM"]
[BlackTitle "GM"]
[WhiteElo "2667"]
[BlackElo "2496"]
[WhiteFideId "2093596"]
[BlackFideId "2059630"]
[EventDate "2023.10.05"]

1. e4 e5 2. Nf3 Nc6 3. Bb5 a6 4. Ba4 Nge7 5. c3 Ng6 6. d4 exd4 7. Nxd4 Nxd4 8.
cxd4 Bb4+ 9. Nc3 O-O 10. O-O d6 11. f4 Bxc3 12. bxc3 f5 13. e5 d5 14. Rb1 Qe7
15. Rf3 Rf7 16. Rh3 Nf8 17. Bb3 Be6 18. a4 Nd7 19. Ba2 b5 20. Ra1 Nb6 21. Bb3
Nxa4 22. Bxa4 bxa4 23. Ba3 Qe8 24. Qh5 h6 25. Qg6 Rd7 26. Rxh6 Qxg6 27. Rxg6 Kf7
28. Rg5 Rdd8 29. h4 g6 30. g4 Rh8 31. h5 Rag8 32. Rb1 gxh5 33. Rxg8 Rxg8 34. g5
Bd7 35. Rb7 Rc8 36. Kh2 Bc6 37. Ra7 Bb5 38. Kg3 Bc4 39. Kh4 Be2 40. Rb7 Bf3 41.
Bd6 Kg8 42. Ba3 Kf7 43. Rb4 Be2 44. Rxa4 Bb5 45. Ra5 c6 46. Bb4 Re8 47. Ra1 Kg6
48. Ba5 Re6 49. Rb1 Re7 50. Rb2 Re8 51. c4 dxc4 52. Rd2 Re6 53. d5 cxd5 54. Rxd5
Be8 55. Rd8 Bf7 56. Rc8 Re8 57. Rc6+ Re6 58. Rc7 Re8 59. Bb4 Re6 60. Bd6 Re8 61.
Rc6 Re6 62. Rxa6 Kg7 63. Rc6 Kg6 64. Rc7 Re8 65. Be7 Be6 66. Bf6 Bf7 67. Kg3 Re6
68. Be7 Bg8 69. Bd6 Re8 70. Be7 Be6 71. Ra7 Bd5 72. Kh4 Be6 73. Kg3 Bd5 74. Ra6+
Kf7 75. Bf6 Kg6 76. Kh4 Be6 77. Rb6 Bd5 78. Ra6 Be6 79. Rd6 Bg8 80. Be7+ Kg7 81.
Bd8 Be6 82. Bf6+ Kg6 83. Ra6 Bd5 84. Ra7 Bf7 85. Rc7 Re6 86. Be7 Bg8 87. Kg3 Bf7
88. Kf2 Kg7 89. Bd6 Kg6 90. Ke3 Re8 91. Be7 Be6 92. Bf6 Bf7 93. Ra7 Re6 94. Kd4
Re8 95. Ra3 Be6 96. Ra7 Bf7 97. Ra1 Bg8 98. Ra6 Be6 99. Ke3 Bd5 100. Rd6 Be6
101. Kf2 Kf7 102. Kg3 Kg6 103. Kh4 Bg8 104. Be7+ Kg7 105. Rd7 Kg6 106. Bb4 Bf7
107. Rc7 Bd5 108. Bc3 Be6 109. Rc6 Re7 110. Ra6 Re8 111. Rb6 Kg7 112. Bb4 1/2-1/2

[Event "ch-USA 2023"]
[Site "Saint Louis USA"]
[Date "2023.10.12"]
[Round "7.3"]
[White "Sevian, Samuel"]
[Black "Shankland, Sam"]
[Result "1/2-1/2"]
[WhiteTitle "GM"]
[BlackTitle "GM"]
[WhiteElo "2698"]
[BlackElo "2698"]
[WhiteFideId "2040506"]
[BlackFideId "2004887"]
[EventDate "2023.10.05"]

1. d4 d5 2. c4 c6 3. Nf3 Nf6 4. Nc3 e6 5. Bg5 h6 6. Bxf6 Qxf6 7. e3 g6 8. Bd3
Bg7 9. O-O O-O 10. Re1 dxc4 11. Bxc4 Nd7 12. e4 Qe7 13. e5 Rd8 14. Bd3 b6 15.
Qe2 a5 16. Rac1 Bb7 17. Be4 Ba6 18. Qe3 Rac8 19. Bb1 Qf8 20. h4 c5 21. Rcd1 cxd4
22. Rxd4 Nc5 23. h5 g5 24. Red1 Rxd4 25. Rxd4 Rd8 26. Nh2 Rxd4 27. Qxd4 Qe7 28.
g3 Qd7 29. Qxd7 Nxd7 30. f4 gxf4 31. gxf4 f6 32. exf6 Nxf6 33. Bg6 b5 34. Kf2 b4
35. Na4 Bf8 36. Nf3 Bb5 37. b3 Bd6 38. Nd2 Bxf4 39. Nc4 Bc7 40. Kf3 Kf8 41. Nc5
Ke7 42. Nd3 Bc6+ 43. Ke3 Be8 44. Bxe8 Kxe8 45. Nc5 Ke7 46. Na6 Bd8 47. Nb8 Ke8
48. Nd6+ Kf8 49. Nc4 Nxh5 50. Nc6 Bc7 51. N6xa5 Nf6 52. Nc6 Nd5+ 53. Kf3 h5 54.
a3 bxa3 55. Nxa3 h4 56. Nb5 Bf4 57. Nbd4 Kf7 58. Nd8+ Kf6 59. N8xe6 Be5 60. Kg4
Bxd4 61. Nxd4 Ke5 62. Kxh4 Kxd4 63. b4 Nxb4 1/2-1/2

[Event "ch-USA 2023"]
[Site "Saint Louis USA"]
[Date "2023.10.12"]
[Round "7.4"]
[White "So, Wesley"]
[Black "Xiong, Jeffery"]
[Result "1/2-1/2"]
[WhiteTitle "GM"]
[BlackTitle "GM"]
[WhiteElo "2753"]
[BlackElo "2693"]
[WhiteFideId "5202213"]
[BlackFideId "2047640"]
[EventDate "2023.10.05"]

1. e4 e5 2. Nf3 Nc6 3. Bc4 Bc5 4. O-O Nf6 5. d3 O-O 6. c3 d5 7. exd5 Nxd5 8. a4
a5 9. Re1 Bg4 10. h3 Bh5 11. Nbd2 Nb6 12. Bb3 Qxd3 13. Nxe5 Qf5 14. Nef3 Rad8
15. Qe2 Nd5 16. Ne4 Bxf3 17. Qxf3 Qxf3 18. gxf3 Bb6 19. Rd1 Nde7 20. Bf4 h6 21.
Bg3 Nf5 22. Kf1 Nxg3+ 23. fxg3 Ne7 24. Ke2 Rfe8 25. Rxd8 Rxd8 26. Rd1 Rxd1 27.
Bxd1 Kf8 28. f4 Nc8 29. Bb3 Ke7 30. g4 c6 31. Kf3 Bc7 32. h4 Nd6 33. Nc5 Bb6 34.
Nd3 Bd8 35. h5 Ke8 36. Ne5 Bf6 37. Ke3 Bd8 38. Kf3 Bf6 39. Ke3 Bd8 40. Kf3 Bf6 1/2-1/2

[Event "ch-USA 2023"]
[Site "Saint Louis USA"]
[Date "2023.10.12"]
[Round "7.5"]
[White "Swiercz, Dariusz"]
[Black "Mishra, Abhimanyu"]
[Result "1/2-1/2"]
[WhiteTitle "GM"]
[BlackTitle "GM"]
[WhiteElo "2620"]
[BlackElo "2592"]
[WhiteFideId "1126881"]
[BlackFideId "30920019"]
[EventDate "2023.10.05"]

1. e4 e6 2. d4 d5 3. Nc3 Bb4 4. Ne2 dxe4 5. a3 Bxc3+ 6. Nxc3 Nc6 7. Bf4 Nf6 8.
Bb5 Nd5 9. Bxc6+ bxc6 10. Bd2 Nxc3 11. Bxc3 Ba6 12. Qg4 Qd5 13. Qxg7 O-O-O 14.
Qe5 Qxe5 15. dxe5 Rhg8 16. Rg1 h5 17. Rd1 Rxd1+ 18. Kxd1 e3 19. fxe3 c5 20. Ke1
Rg5 21. Kf2 Bb7 22. h4 Rg4 23. g3 Be4 24. Rc1 Bf5 25. b3 Rg8 26. Be1 Rd8 27. Kf3
Bg4+ 28. Kf4 c4 29. Bc3 cxb3 30. cxb3 Rd1 31. Rxd1 Bxd1 32. b4 a6 33. a4 c6 34.
a5 Bg4 35. Ke4 Kb7 36. Kd4 Bf3 37. Kc5 Bg4 38. Kd6 Bh3 39. Bd4 Bg4 40. Bc5 Bh3
41. Ke7 Bg4 42. Kxf7 Bh3 43. Bd6 Bg4 44. Kg6 Bf3 45. Kf6 Bg4 46. Bc5 Bh3 47. Kg5
Bg4 48. Kf6 Bh3 49. Kg5 Bg4 50. Kf6 Bh3 1/2-1/2